000 00503cam a2200205ua 4500
001 3367
005 20260515113652.0
008 111019n ii |||gr||||Z||||||asm
040 _cMAIN
082 _a891.4513
100 1 _aCorbet, Jim,
245 1 1 _aMandirar bagh
_cby Jim Corbet
250 _a1st.
260 _aGuahati:
_bPublication board assam,985.
300 _a195p:
_c23cm.
653 _aAssamese novel
653 _aMandirar bagh
700 _aChoudhury, Biraj,
_eTranslated.,
942 _cBK
999 _c3210
_d3210